Stratigraphic Excavations in the Nochixtlan Valley, Oaxaca /

Сохранить в:
Библиографические подробности
Главный автор: Spores, Ronald (autor)
Формат:
Язык:английский
Опубликовано: Nashville, EUA : Vanderbilt University, Publications in Anthropology, 1974, c1974
Метки: Добавить метку
Нет меток, Требуется 1-ая метка записи!

MARC

LEADER 00000nam^a2200000^a^4500
001 000560054
005 20250526000000.0
009 20260310131855.201
037 |a Acervo ITESO - Biblioteca 
041 |a ING 
091 |a FHA. 02683 
100 |a Spores, Ronald  |e (autor) 
245 1 0 |a Stratigraphic Excavations in the Nochixtlan Valley, Oaxaca / 
264 4 |a Nashville, EUA :  |b Vanderbilt University, Publications in Anthropology,  |c 1974, c1974 
300 |a V, 79 p. ;  |c 27.5 cm. 
336 |a texto  |b txt  |2 rdacontenido 
337 |a sin mediación  |b n  |2 rdamedio 
338 |a volumen  |b nc  |2 rdasoporte 
515 |a Inventario familia Hartung: 3771 
649 |a XX 
910 |a Fondo Horst Hartung Franz 
920 |a Impresos - Libros 
930 |a Libros Antiguos y Raros 
905 |a 135 
901 |a 0500330381  |b IT2  |c LRA  |i D  |u 20250526 
902 |a https://opac.biblio.iteso.mx/vufind/Record/000560054